000 00648nam a2200229Ia 4500
003 OSt
005 20220924132129.0
006 a|||||r|||| 00| 0
007 ta
008 220923b |||||||| |||| 00| 0 san d
024 _a18460
037 _cTextual
040 _aARTS
_cARTS
_bsan
041 _2san
_asan
082 _aO111,2J64,1, 15L1
100 _aShakespeare William
_9226
245 0 _aDinarkarajkumara Hemelekham a Sanskrit version of Hamlet by Sukhamoy Mukherjee
260 _c1971
650 _aENGLISH LITERATURE
942 _hO111,2J64,1, 15L1
_cTEXL
_2CC
999 _c429394
_d429394